| 000 | 00939nam a2200253 a 4500 | ||
|---|---|---|---|
| 001 | 40522 | ||
| 003 | BD-RjUL | ||
| 005 | 20211209053232.0 | ||
| 008 | 160503s1997 bg ||||| |||| 00| 0 ben d | ||
| 020 | _c: TK 40.00 | ||
| 035 | _a(BD-RjUL)40637 | ||
| 040 |
_aBD-RjUL _bben _cBD-RjUL |
||
| 041 | _aben | ||
| 082 |
_223 _a297 _bTAM 1997 |
||
| 100 |
_aতালিব, মহম্মদ আবূ _9117962 |
||
| 245 | 1 | 0 |
_aমুসলমানী কথা : _bআল্লাহ বিশ্বাসীর উপহার / _cমুহম্মদ আবূ তালিব |
| 260 |
_aঢাকা-রাজশাহী : _bবইপত্র, _c১৯৯৭ |
||
| 300 |
_avii, ৩০ পৃ. ; _c২১ সেমি. |
||
| 490 | _aইতিহাস কথা কয়-২ | ||
| 650 |
_aইসলাম _9124795 |
||
| 650 |
_aIslam _9124796 |
||
| 856 | _3ইতিহাস কথা কয়-২ | ||
| 942 |
_2ddc _cBK |
||
| 999 |
_c40522 _d40522 |
||